Daughters of Anowa : (Record no. 6635)
[ view plain ]
| 000 -LEADER | |
|---|---|
| fixed length control field | 00783cam a2200241 a 4500 |
| 001 - CONTROL NUMBER | |
| control field | 4925009 |
| 005 - DATE AND TIME OF LATEST TRANSACTION | |
| control field | 20250623131700.0 |
| 008 - FIXED-LENGTH DATA ELEMENTS--GENERAL INFORMATION | |
| fixed length control field | 950510s1995 nyu b 001 0deng |
| 020 ## - INTERNATIONAL STANDARD BOOK NUMBER | |
| International Standard Book Number | 0883449994 (pbk. : alk. paper) |
| 050 00 - LIBRARY OF CONGRESS CALL NUMBER | |
| Classification number | BR1430 |
| Item number | .O38 1995 |
| 082 00 - DEWEY DECIMAL CLASSIFICATION NUMBER | |
| Classification number | 276.6/082/082 |
| Edition information | 20 |
| 100 1# - MAIN ENTRY--PERSONAL NAME | |
| Personal name | Oduyoye, Mercy Amba. |
| 245 10 - TITLE STATEMENT | |
| Title | Daughters of Anowa : |
| Remainder of title | African women and patriarchy / |
| Statement of responsibility, etc. | Mercy Amba Oduyoye. |
| 260 ## - PUBLICATION, DISTRIBUTION, ETC. | |
| Place of publication, distribution, etc. | Maryknoll, NY : |
| Name of publisher, distributor, etc. | Orbis Books, |
| Date of publication, distribution, etc. | c1995. |
| 300 ## - PHYSICAL DESCRIPTION | |
| Extent | ix, 229 p. ; |
| Dimensions | 21 cm. |
| 650 #0 - SUBJECT ADDED ENTRY--TOPICAL TERM | |
| Topical term or geographic name entry element | Women in Christianity |
| Geographic subdivision | Africa, Sub-Saharan. |
| 650 #0 - SUBJECT ADDED ENTRY--TOPICAL TERM | |
| Topical term or geographic name entry element | Feminist theology. |
| 650 #0 - SUBJECT ADDED ENTRY--TOPICAL TERM | |
| Topical term or geographic name entry element | Women, Ashanti. |
| 650 #0 - SUBJECT ADDED ENTRY--TOPICAL TERM | |
| Topical term or geographic name entry element | Women, Yoruba. |
| 650 #0 - SUBJECT ADDED ENTRY--TOPICAL TERM | |
| Topical term or geographic name entry element | Patriarchy |
| Geographic subdivision | Africa, Sub-Saharan. |
| 650 #0 - SUBJECT ADDED ENTRY--TOPICAL TERM | |
| Topical term or geographic name entry element | Patriarchy |
| General subdivision | Religious aspects |
| -- | Christianity. |
| 942 ## - ADDED ENTRY ELEMENTS (KOHA) | |
| Source of classification or shelving scheme | Library of Congress Classification |
| Koha item type | Books |
| Suppress in OPAC | No |
| 999 ## - | |
| -- | 6635 |
| -- | 6635 |
| Withdrawn status | Lost status | Source of classification or shelving scheme | Damaged status | Not for loan | Collection | Home library | Current library | Shelving location | Date acquired | Total checkouts | Full call number | Barcode | Date last seen | Copy number | Price effective from | Koha item type |
|---|---|---|---|---|---|---|---|---|---|---|---|---|---|---|---|---|
| Library of Congress Classification | Non-fiction | Undergraduate Library (Christ Temple) | Undergraduate Library (Christ Temple) | General stacks | 06/23/2025 | BR1430.O38 ODU | ulct00003481 | 06/23/2025 | 1 | 06/23/2025 | Books |